[Event "Madrid ch 2009 - Semifinal A"]
[Site "Madrid ESP"]
[Date "2009.01.12"]
[Round "1.1"]
[White "Longa Yauca, Javier"]
[Black "Ciuro Munoz, Ricardo"]
[Result "1-0"]
[WhiteElo "2312"]
[BlackElo "2071"]
[PlyCount "77"]
[EventDate "2009.01.12"]
[EventType "swiss"]
[EventRounds "9"]
[EventCountry "ESP"]
[Source "lmi"]
[SourceDate "2009.01.12"]

1. d4 e6 2. e4 d5 3. e5 b6 4. Nf3 Qd7 5. Bd3 Ba6 6. O-O c5 7. dxc5 bxc5 8. c4
Ne7 9. cxd5 Bxd3 10. Qxd3 Nxd5 11. Nbd2 Nb4 12. Qxd7+ Nxd7 13. Nc4 Be7 14. Bd2
Nd5 15. Rac1 O-O 16. Rfd1 h6 17. g3 Rfc8 18. Ba5 Rc6 19. b3 Rac8 20. Nfd2 N7b6
21. Ne4 Nxc4 22. bxc4 Nb6 23. f4 Kf8 24. Kf2 f5 25. exf6 gxf6 26. Kf3 Kf7 27.
g4 Rd8 28. Rxd8 Bxd8 29. Bxb6 axb6 30. f5 e5 31. Rd1 Be7 32. Nc3 Rc8 33. Ke4
Ra8 34. a4 Ra7 35. Rb1 Bd8 36. Kd5 Rd7+ 37. Kc6 Rd4 38. Nd5 Rxc4 39. a5 1-0

[Event "Madrid ch 2009 - Semifinal A"]
[Site "Madrid ESP"]
[Date "2009.01.12"]
[Round "1.2"]
[White "Garcia Esteban, Juan Ignacio"]
[Black "Hernandez Gallardo, Francisco Javier"]
[Result "0-1"]
[WhiteElo "2071"]
[BlackElo "2281"]
[PlyCount "120"]
[EventDate "2009.01.12"]
[EventType "swiss"]
[EventRounds "9"]
[EventCountry "ESP"]
[Source "lmi"]
[SourceDate "2009.01.12"]

1. e4 c5 2. Nf3 d6 3. c3 Nf6 4. d3 Nc6 5. Nbd2 g6 6. Be2 Bg7 7. O-O O-O 8. Nc4
d5 9. Ncd2 e5 10. exd5 Nxd5 11. Ne4 b6 12. Bg5 f6 13. Bd2 f5 14. Ng3 h6 15. Qc2
Qd7 16. Rad1 Ba6 17. Qa4 Bb7 18. Bc1 Rad8 19. Rfe1 Rfe8 20. Qh4 Qe7 21. Qa4 Qf6
22. h3 Re6 23. Nh2 Red6 24. Bf1 R8d7 25. Nf3 Qd8 26. Be2 Nc7 27. Nd2 Kh7 28.
Qc2 b5 29. Nb3 Ne6 30. Nf1 a5 31. Be3 Qb6 32. Nc1 a4 33. b4 f4 34. bxc5 Nxc5
35. Bd2 b4 36. Qb1 b3 37. axb3 axb3 38. d4 exd4 39. Bxf4 dxc3 40. Nxb3 Rxd1 41.
Rxd1 Rxd1 42. Bxd1 Nxb3 43. Bxb3 Bc8 44. Be3 Qb4 45. Qd1 Nd4 46. Bxd4 Qxd4 47.
Qe2 Bf5 48. Qe8 h5 49. Ne3 Be4 50. g4 hxg4 51. hxg4 Kh6 52. Qe6 Kg5 53. Qf7 Bf6
54. Qc7 Qd2 55. Qg3 Qe1+ 56. Nf1 Bd4 57. Ba4 c2 58. Bxc2 Bxc2 59. Qf3 Be4 60.
Qg3 Bd3 0-1

[Event "Madrid ch 2009 - Semifinal A"]
[Site "Madrid ESP"]
[Date "2009.01.12"]
[Round "1.3"]
[White "Ballesteros Gonzalez, David"]
[Black "Garcia Gutierrez, Jose"]
[Result "1-0"]
[WhiteElo "2271"]
[BlackElo "2060"]
[PlyCount "69"]
[EventDate "2009.01.12"]
[EventType "swiss"]
[EventRounds "9"]
[EventCountry "ESP"]
[Source "lmi"]
[SourceDate "2009.01.12"]

1. d4 d5 2. c4 c6 3. Nf3 Nf6 4. Nc3 e6 5. Bg5 dxc4 6. e4 b5 7. e5 h6 8. Bh4 g5
9. Nxg5 hxg5 10. Bxg5 Be7 11. exf6 Bxf6 12. Bxf6 Qxf6 13. g3 Na6 14. Bg2 Nb4
15. O-O Bb7 16. Ne4 Qh6 17. h4 O-O-O 18. a4 Nd3 19. axb5 cxb5 20. Rxa7 Kb8 21.
Rxb7+ Kxb7 22. Nd6+ Kb6 23. Nxf7 Qf6 24. Nxh8 Rxh8 25. Qe2 Rd8 26. b3 Rxd4 27.
bxc4 bxc4 28. Rb1+ Kc7 29. Rb7+ Kd8 30. Bc6 Rd6 31. Bg2 Qa1+ 32. Kh2 Qf6 33.
Qg4 Kc8 34. Qxc4+ Kd8 35. Qc7+ 1-0

[Event "Madrid ch 2009 - Semifinal A"]
[Site "Madrid ESP"]
[Date "2009.01.12"]
[Round "1.4"]
[White "Cortes Jurado, Rafael"]
[Black "Rodriguez Gonzalez, Javier"]
[Result "0-1"]
[WhiteElo "2050"]
[BlackElo "2262"]
[PlyCount "94"]
[EventDate "2009.01.12"]
[EventType "swiss"]
[EventRounds "9"]
[EventCountry "ESP"]
[Source "lmi"]
[SourceDate "2009.01.12"]

1. e4 e6 2. d4 d5 3. e5 b6 4. Nf3 Qd7 5. Bd3 Ba6 6. O-O c5 7. c3 Ne7 8. a4 Bxd3
9. Qxd3 Nbc6 10. Na3 cxd4 11. cxd4 Nb4 12. Qb5 Nec6 13. Bd2 a6 14. Qe2 Be7 15.
Rfc1 O-O 16. Nc2 Rfc8 17. Nxb4 Nxb4 18. Bxb4 Bxb4 19. Rxc8+ Qxc8 20. h4 Ra7 21.
Qe3 Rc7 22. h5 h6 23. g4 Be7 24. Qb3 Qb7 25. Kg2 Rc4 26. a5 b5 27. Qe3 Qc7 28.
b3 Rc3 29. Qf4 Rxb3 30. Rc1 Rc3 31. Rxc3 Qxc3 32. g5 hxg5 33. Nxg5 Bxg5 34.
Qxg5 Qxd4 35. f3 Qd3 36. Qd8+ Kh7 37. Qb6 Qe2+ 38. Kg1 b4 39. Qxb4 Qxf3 40. Qb6
Qe2 41. Qb7 Qe1+ 42. Kg2 Qxa5 43. Qxf7 Qd2+ 44. Kg3 Qe3+ 45. Kg2 Qe4+ 46. Kg1
Qg4+ 47. Kh2 a5 0-1

[Event "Madrid ch 2009 - Semifinal A"]
[Site "Madrid ESP"]
[Date "2009.01.12"]
[Round "1.5"]
[White "Lopez Melgar, Enrique"]
[Black "Quintero Torres, Pedro"]
[Result "1/2-1/2"]
[WhiteElo "2217"]
[BlackElo "2046"]
[PlyCount "80"]
[EventDate "2009.01.12"]
[EventType "swiss"]
[EventRounds "9"]
[EventCountry "ESP"]
[Source "lmi"]
[SourceDate "2009.01.12"]

1. e4 c5 2. Nf3 e6 3. d4 cxd4 4. Nxd4 Nc6 5. Nc3 Nf6 6. Ndb5 Bb4 7. a3 Bxc3+ 8.
Nxc3 d5 9. Bd3 dxe4 10. Nxe4 Nxe4 11. Bxe4 Qxd1+ 12. Kxd1 f5 13. Bxc6+ bxc6 14.
Re1 Kf7 15. Be3 e5 16. b3 Be6 17. Bd2 e4 18. Be3 a6 19. Kd2 Rhd8+ 20. Kc3 Rd5
21. Rad1 Rad8 22. Rd4 c5 23. Rxd5 Rxd5 24. b4 cxb4+ 25. axb4 a5 26. bxa5 Rxa5
27. Kb4 Ra2 28. c4 Rc2 29. Rc1 Rxc1 30. Bxc1 Ke7 31. Kc5 Kd7 32. Kd4 Kc6 33.
Ba3 g6 34. Bf8 f4 35. Kxe4 Bxc4 36. Kxf4 Kd7 37. Kg5 Ke8 38. Bc5 Kf7 39. g4 Be2
40. h4 h6+ 1/2-1/2

[Event "Madrid ch 2009 - Semifinal A"]
[Site "Madrid ESP"]
[Date "2009.01.12"]
[Round "1.7"]
[White "De la Fuente Gonzalez, Francisco"]
[Black "Perez Cameselle, Francisco Jose"]
[Result "1-0"]
[WhiteElo "2176"]
[BlackElo "1996"]
[PlyCount "125"]
[EventDate "2009.01.12"]
[EventType "swiss"]
[EventRounds "9"]
[EventCountry "ESP"]
[Source "lmi"]
[SourceDate "2009.01.12"]

1. c4 Nf6 2. Nc3 g6 3. g3 Bg7 4. Bg2 c5 5. Nf3 Nc6 6. O-O O-O 7. d4 cxd4 8.
Nxd4 Qb6 9. Nb3 a6 10. Be3 Qc7 11. Rc1 Ne5 12. Na4 d6 13. Bb6 Qb8 14. Na5 Nfd7
15. Bd4 Qc7 16. b4 Nc6 17. Nxc6 bxc6 18. Bxg7 Kxg7 19. Qd4+ Kg8 20. b5 axb5 21.
cxb5 Qa7 22. Qxa7 Rxa7 23. bxc6 Rxa4 24. cxd7 Bxd7 25. Rc7 Be6 26. Rxe7 Rxa2
27. Bf3 Rb8 28. Rd1 Kf8 29. Rc7 Rb6 30. Kg2 Ke8 31. h4 h6 32. Rdc1 Kd8 33. R7c6
Rxc6 34. Rxc6 Ke7 35. g4 g5 36. Kg3 Rd2 37. Rb6 Bd5 38. Bxd5 Rxd5 39. Rb7+ Ke6
40. h5 Kf6 41. e3 Rd2 42. Kf3 Ra2 43. Rd7 Ke6 44. Rd8 f5 45. gxf5+ Kxf5 46.
Rf8+ Ke5 47. Rh8 Ra4 48. Rxh6 Rh4 49. Rh8 d5 50. h6 Kf6 51. h7 Kg7 52. Rg8+
Kxh7 53. Rxg5 d4 54. e4 Rh3+ 55. Ke2 Ra3 56. e5 Kh6 57. Rg4 Ra2+ 58. Kd3 Rxf2
59. Kxd4 Ra2 60. Kd5 Ra6 61. e6 Ra1 62. e7 Ra5+ 63. Ke6 1-0

[Event "Madrid ch 2009 - Semifinal A"]
[Site "Madrid ESP"]
[Date "2009.01.12"]
[Round "1.8"]
[White "Vukotic Jovsic, Dragan"]
[Black "Lozano Cortijo, Mariano"]
[Result "1/2-1/2"]
[WhiteElo "1995"]
[BlackElo "2161"]
[PlyCount "67"]
[EventDate "2009.01.12"]
[EventType "swiss"]
[EventRounds "9"]
[EventCountry "ESP"]
[Source "lmi"]
[SourceDate "2009.01.12"]

1. d4 d5 2. Bf4 Nf6 3. e3 e6 4. Nf3 Be7 5. Bd3 c5 6. c3 O-O 7. Nbd2 Nc6 8. Ne5
Qb6 9. Rb1 Bd7 10. g4 cxd4 11. exd4 Nxe5 12. dxe5 Ne4 13. Nxe4 dxe4 14. Bxe4
Bb5 15. Qc2 g6 16. Bd3 Rfd8 17. Bxb5 Qxb5 18. Qe2 Qd5 19. O-O Qxa2 20. Rfd1 Qa4
21. Bh6 a6 22. b3 Qc6 23. c4 Rac8 24. f3 Rxd1+ 25. Rxd1 Qb6+ 26. Kg2 Qxb3 27.
Rd7 Bf8 28. Bxf8 Kxf8 29. Qd2 Qxc4 30. Qg5 Qe2+ 31. Kg3 Qe1+ 32. Kh3 Qf1+ 33.
Kg3 Qg1+ 34. Kh3 1/2-1/2

[Event "Madrid ch 2009 - Semifinal A"]
[Site "Madrid ESP"]
[Date "2009.01.12"]
[Round "1.9"]
[White "Salcedo Tornero, Pablo"]
[Black "Fernandez Aransay, Fernando"]
[Result "1-0"]
[WhiteElo "2158"]
[BlackElo "1956"]
[PlyCount "91"]
[EventDate "2009.01.12"]
[EventType "swiss"]
[EventRounds "9"]
[EventCountry "ESP"]
[Source "lmi"]
[SourceDate "2009.01.12"]

1. e4 c6 2. d4 d5 3. Nd2 dxe4 4. Nxe4 Nd7 5. Ng5 Ngf6 6. Bd3 e6 7. N1f3 h6 8.
Ne4 Nxe4 9. Bxe4 Nf6 10. Bd3 Bd6 11. Qe2 Qc7 12. O-O O-O 13. c3 b6 14. Ne5 Bb7
15. Bf4 Rad8 16. Rad1 c5 17. dxc5 Qxc5 18. Bc2 Qc7 19. Rfe1 Rfe8 20. Bg3 a6 21.
a4 Nd7 22. Nxd7 Rxd7 23. Qd3 Red8 24. Qh7+ Kf8 25. Qh8+ Ke7 26. Qxg7 Bxg3 27.
hxg3 Rxd1 28. Rxd1 Rxd1+ 29. Bxd1 Qc6 30. Bf3 Qxa4 31. Bh5 Qe4 32. Qxf7+ Kd8
33. f3 Qe3+ 34. Kh2 Bd5 35. Qe8+ Kc7 36. Qe7+ Kc8 37. Be8 Qc5 38. Qxc5+ bxc5
39. Kh3 Kd8 40. Bg6 e5 41. Kh4 Ke7 42. Kh5 Kf8 43. Kxh6 Kg8 44. Be4 Bf7 45. Kg5
Kg7 46. Kf5 1-0

[Event "Madrid ch 2009 - Semifinal A"]
[Site "Madrid ESP"]
[Date "2009.01.12"]
[Round "1.10"]
[White "Pardo Robles, Jose Manuel"]
[Black "Pastor Alonso de Prado, Alberto"]
[Result "0-1"]
[WhiteElo "1946"]
[BlackElo "2137"]
[PlyCount "48"]
[EventDate "2009.01.12"]
[EventType "swiss"]
[EventRounds "9"]
[EventCountry "ESP"]
[Source "lmi"]
[SourceDate "2009.01.12"]

1. c4 e6 2. d4 d5 3. Nf3 Nf6 4. Bg5 Bb4+ 5. Nc3 c5 6. cxd5 Qa5 7. a3 Bxc3+ 8.
bxc3 Ne4 9. Bd2 exd5 10. c4 Nxd2 11. Qxd2 Qxd2+ 12. Nxd2 O-O 13. dxc5 Na6 14.
cxd5 Nxc5 15. Rc1 b6 16. e4 Bb7 17. f3 f5 18. Bc4 fxe4 19. Nxe4 Nxe4 20. fxe4
Rae8 21. d6+ Kh8 22. Bd3 Bxe4 23. d7 Re7 24. Rc8 Bb7+ 0-1

[Event "Madrid ch 2009 - Semifinal A"]
[Site "Madrid ESP"]
[Date "2009.01.12"]
[Round "1.11"]
[White "Lopez Andujar Ocana, Antonio"]
[Black "Garcia Gonzalez, Pedro A"]
[Result "1/2-1/2"]
[WhiteElo "2137"]
[BlackElo "1927"]
[PlyCount "111"]
[EventDate "2009.01.12"]
[EventType "swiss"]
[EventRounds "9"]
[EventCountry "ESP"]
[Source "lmi"]
[SourceDate "2009.01.12"]

1. e4 e5 2. Nf3 Nc6 3. Nc3 Nf6 4. d4 exd4 5. Nd5 Be7 6. Bc4 d6 7. Nxd4 Nxd5 8.
Nxc6 bxc6 9. exd5 c5 10. O-O O-O 11. Bd3 Bf6 12. Rb1 Rb8 13. b3 Re8 14. Qf3 g6
15. h3 Bg7 16. Bb2 Bxb2 17. Rxb2 Kg7 18. Rbb1 Qg5 19. Rfe1 Bd7 20. Be4 Re7 21.
Bd3 Rbe8 22. Rxe7 Rxe7 23. b4 cxb4 24. Rxb4 Qc1+ 25. Kh2 a5 26. Rf4 Qd2 27. Qg3
Re5 28. Rc4 Rxd5 29. Rxc7 Be6 30. Qf3 Re5 31. Be4 Bxa2 32. c4 Bxc4 33. Rxc4 d5
34. Rc7 Rxe4 35. Qxf7+ Kh6 36. Qxh7+ Kg5 37. Qf7 Qf4+ 38. Qxf4+ Rxf4 39. Rc5
Rxf2 40. Rxa5 Rf5 41. g4 Re5 42. Kg3 Re3+ 43. Kg2 Kh4 44. Rxd5 Rg3+ 45. Kf2
Kxh3 46. g5 Kh4 47. Ra5 Rxg5 48. Rxg5 Kxg5 49. Kg3 Kf5 50. Kf3 g5 51. Kg3 g4
52. Kg2 Kf4 53. Kf2 g3+ 54. Kg2 Kg4 55. Kg1 Kf3 56. Kf1 1/2-1/2

[Event "Madrid ch 2009 - Semifinal A"]
[Site "Madrid ESP"]
[Date "2009.01.12"]
[Round "1.12"]
[White "Cano Mercado, Francisco Manuel"]
[Black "Martin Rodriguez, Emilio"]
[Result "0-1"]
[WhiteElo "1907"]
[BlackElo "2133"]
[PlyCount "106"]
[EventDate "2009.01.12"]
[EventType "swiss"]
[EventRounds "9"]
[EventCountry "ESP"]
[Source "lmi"]
[SourceDate "2009.01.12"]

1. d4 d5 2. Nf3 Nf6 3. c4 c6 4. g3 g6 5. Bg2 Bg7 6. O-O O-O 7. Nc3 Ne4 8. cxd5
cxd5 9. Qb3 Nc6 10. e3 Nxc3 11. bxc3 e6 12. Re1 Na5 13. Qc2 Bd7 14. Nd2 Rc8 15.
Rb1 Qc7 16. Bb2 Rfe8 17. f4 Bb5 18. Rec1 Qc6 19. Ba3 Qa6 20. Qb2 Bd3 21. Ra1
Rc6 22. Bb4 Rec8 23. Qa3 b6 24. Re1 f5 25. Rac1 Qb7 26. Qb2 Qc7 27. Bf1 Bxf1
28. Kxf1 Nc4 29. Nxc4 Rxc4 30. Qa3 a5 31. Bd6 Qc6 32. Be5 Bf8 33. Qb3 Bb4 34.
Re2 Rxc3 35. Rxc3 Qxc3 36. Qa4 Qc6 37. Qb3 Qc4 38. Kf2 Qxb3 39. axb3 Rc3 40.
Rb2 Kf7 41. Bb8 Ke7 42. Ke2 Kd7 43. Kf3 Ba3 44. Rb1 Bc1 45. Kg2 Bxe3 46. Be5
Bc1 47. Bg7 h5 48. Be5 Kc6 49. Kf2 Ba3 50. Kg2 b5 51. Kf2 Rc2+ 52. Kg1 b4 53.
Bf6 Kb5 0-1

[Event "Madrid ch 2009 - Semifinal A"]
[Site "Madrid ESP"]
[Date "2009.01.12"]
[Round "1.13"]
[White "Carbonell Martinez, Juan"]
[Black "Montero Garcia, Francisco Javier"]
[Result "1/2-1/2"]
[WhiteElo "2105"]
[BlackElo "1906"]
[PlyCount "60"]
[EventDate "2009.01.12"]
[EventType "swiss"]
[EventRounds "9"]
[EventCountry "ESP"]
[Source "lmi"]
[SourceDate "2009.01.12"]

1. d4 Nf6 2. Nf3 c5 3. d5 e6 4. c4 exd5 5. cxd5 d6 6. Nc3 g6 7. e4 a6 8. a4 Bg4
9. Qb3 Bxf3 10. Qxb7 Bxg2 11. Bxg2 Nbd7 12. O-O Qb8 13. Qc6 Ng4 14. f4 Bg7 15.
Bh3 Bd4+ 16. Kh1 h5 17. e5 dxe5 18. Ne4 Ra7 19. Bxg4 hxg4 20. Nf6+ Ke7 21. Nxg4
Rc8 22. d6+ Qxd6 23. Qxd6+ Kxd6 24. fxe5+ Nxe5 25. Bf4 Ke6 26. Rae1 f6 27. Nxf6
Kxf6 28. Bxe5+ Kg5 29. Bf4+ Kh5 30. Re6 Rf7 1/2-1/2

[Event "Madrid ch 2009 - Semifinal A"]
[Site "Madrid ESP"]
[Date "2009.01.12"]
[Round "1.14"]
[White "Ruiz Quevedo, Andres"]
[Black "Tejedor Ariza, Francisco"]
[Result "0-1"]
[WhiteElo "1889"]
[BlackElo "2089"]
[PlyCount "98"]
[EventDate "2009.01.12"]
[EventType "swiss"]
[EventRounds "9"]
[EventCountry "ESP"]
[Source "lmi"]
[SourceDate "2009.01.12"]

1. c4 g6 2. Nf3 Bg7 3. Nc3 c5 4. g3 b6 5. Bg2 Bb7 6. O-O e6 7. b3 Ne7 8. Bb2
O-O 9. d4 cxd4 10. Nxd4 Bxg2 11. Kxg2 d5 12. cxd5 Nxd5 13. Qd2 Na6 14. Rfd1
Nxc3 15. Bxc3 Qd5+ 16. f3 Rfd8 17. Qb2 Qb7 18. Nb5 Bxc3 19. Qxc3 Rd5 20. Nd6
Qc7 21. Qxc7 Nxc7 22. Ne4 Kg7 23. Rxd5 Nxd5 24. Rc1 h6 25. Kf2 f5 26. Nd6 Rd8
27. Nb5 Kf6 28. Rc6 Nb4 29. Rc7 Nxa2 30. Nxa7 Nb4 31. Nc6 Nd5 32. Nxd8 Nxc7 33.
f4 e5 34. e3 e4 35. Ke2 Nd5 36. h4 Nb4 37. Kd2 Ke7 38. Kc3 Nd5+ 39. Kd4 Nxe3
40. Nc6+ Kd6 41. Ne5 Nf1 42. Nxg6 Nxg3 43. Ne5 Ke6 44. b4 Ne2+ 45. Ke3 Nc3 46.
Nc6 Nd5+ 47. Kf2 Nxf4 48. Nd8+ Kf6 49. Nb7 Nd3+ 0-1

[Event "Madrid ch 2009 - Semifinal A"]
[Site "Madrid ESP"]
[Date "2009.01.13"]
[Round "2.1"]
[White "Pastor Alonso de Prado, Alberto"]
[Black "Longa Yauca, Javier"]
[Result "1/2-1/2"]
[WhiteElo "2137"]
[BlackElo "2312"]
[PlyCount "81"]
[EventDate "2009.01.12"]
[EventType "swiss"]
[EventRounds "9"]
[EventCountry "ESP"]
[Source "lmi"]
[SourceDate "2009.01.12"]

1. e4 Nf6 2. Nc3 d6 3. d4 e5 4. Nf3 exd4 5. Nxd4 Be7 6. Be2 O-O 7. O-O c5 8.
Nf3 Nc6 9. h3 Re8 10. Re1 Bf8 11. Bb5 a6 12. Bxc6 bxc6 13. e5 dxe5 14. Qxd8
Rxd8 15. Nxe5 Bf5 16. Nxc6 Re8 17. Bg5 Ne4 18. Nxe4 Bxe4 19. Ne7+ Bxe7 20. Bxe7
Rxe7 21. f3 f5 22. fxe4 fxe4 23. Re3 Rd8 24. Rae1 Rd4 25. Kf2 Kf7 26. Ra3 Re6
27. Ke3 Rf6 28. Ra5 Rc4 29. Re2 Rd6 30. c3 Ke6 31. Rd2 Rb6 32. Ra3 Ke5 33. Rb3
Rg6 34. Re2 Ra4 35. Rb7 Rxa2 36. Re7+ Kd5 37. Rxe4 Ra1 38. Kd3 Rd1+ 39. Kc2 Rg1
40. c4+ Kd6 41. g4 1/2-1/2

[Event "Madrid ch 2009 - Semifinal A"]
[Site "Madrid ESP"]
[Date "2009.01.13"]
[Round "2.2"]
[White "Hernandez Gallardo, Francisco Javier"]
[Black "De la Fuente Gonzalez, Francisco"]
[Result "1/2-1/2"]
[WhiteElo "2281"]
[BlackElo "2176"]
[PlyCount "96"]
[EventDate "2009.01.12"]
[EventType "swiss"]
[EventRounds "9"]
[EventCountry "ESP"]
[Source "lmi"]
[SourceDate "2009.01.12"]

1. d4 d5 2. c4 c6 3. Nf3 Nf6 4. Qc2 e6 5. g3 Nbd7 6. Bg2 Be7 7. O-O O-O 8. Nbd2
b6 9. e4 dxe4 10. Nxe4 Bb7 11. Rd1 Nxe4 12. Qxe4 Nf6 13. Qc2 Qc8 14. c5 Rd8 15.
Bf4 h6 16. b4 Nd5 17. a3 a5 18. Rab1 axb4 19. axb4 bxc5 20. dxc5 Ba6 21. Be5
Bb5 22. Qe4 Ra4 23. Nd4 Rxb4 24. Qg4 Bf8 25. Rxb4 Nxb4 26. Nxb5 Rxd1+ 27. Qxd1
cxb5 28. Bd6 Qd7 29. Qb3 Bxd6 30. Qxb4 Be7 31. Bf1 Qc6 32. Qxb5 Qxb5 33. Bxb5
Bxc5 34. Kg2 e5 35. g4 g6 36. Kf3 Kg7 37. Ke4 Kf6 38. f3 Bg1 39. h3 Bh2 40. Bc4
Bg3 41. Bb3 h5 42. Bc4 Kg7 43. Bb3 f6 44. gxh5 f5+ 45. Kd5 gxh5 46. Ke6 Kg6 47.
Bc2 e4 48. fxe4 fxe4 1/2-1/2

[Event "Madrid ch 2009 - Semifinal A"]
[Site "Madrid ESP"]
[Date "2009.01.13"]
[Round "2.3"]
[White "Martin Rodriguez, Emilio"]
[Black "Ballesteros Gonzalez, David"]
[Result "1-0"]
[WhiteElo "2133"]
[BlackElo "2271"]
[PlyCount "119"]
[EventDate "2009.01.12"]
[EventType "swiss"]
[EventRounds "9"]
[EventCountry "ESP"]
[Source "lmi"]
[SourceDate "2009.01.12"]

1. d4 Nf6 2. c4 g6 3. Nc3 Bg7 4. e4 d6 5. f4 c5 6. d5 Qa5 7. Bd3 O-O 8. Nf3 e6
9. dxe6 Bxe6 10. O-O Bg4 11. h3 Bxf3 12. Qxf3 Nc6 13. Be3 Nd7 14. Kh1 Nd4 15.
Qg3 Nf6 16. Qh4 Rae8 17. Rae1 Qb4 18. Bc1 b5 19. e5 dxe5 20. fxe5 Nd7 21. Nd5
Qa5 22. Ne7+ Rxe7 23. Qxe7 Nxe5 24. Be4 bxc4 25. g4 c3 26. Bd5 Ndc6 27. Qd6 Qb6
28. Bg5 cxb2 29. Bf6 Bxf6 30. Qxf6 Qd8 31. Bxc6 Qxf6 32. Rxf6 Rb8 33. Be4 Nc4
34. Bb1 Rd8 35. Rf4 Nb6 36. Rf2 Na4 37. Rc2 Rd4 38. Kg2 a5 39. Ree2 Rb4 40. Re3
Rd4 41. Rb3 Kg7 42. Rbxb2 Nxb2 43. Rxb2 a4 44. Rf2 a3 45. Bc2 Rb4 46. Kf3 c4
47. Ke3 Rb2 48. Be4 Rb5 49. Kd4 h5 50. Kxc4 Ra5 51. Bd5 hxg4 52. Rxf7+ Kh6 53.
hxg4 Kg5 54. Bf3 Re5 55. Kb4 Re3 56. Bd1 Kh4 57. Bc2 Rg3 58. Rf4 Kg5 59. Rc4
Rf3 60. Bb3 1-0

[Event "Madrid ch 2009 - Semifinal A"]
[Site "Madrid ESP"]
[Date "2009.01.13"]
[Round "2.4"]
[White "Rodriguez Gonzalez, Javier"]
[Black "Salcedo Tornero, Pablo"]
[Result "0-1"]
[WhiteElo "2262"]
[BlackElo "2158"]
[PlyCount "102"]
[EventDate "2009.01.12"]
[EventType "swiss"]
[EventRounds "9"]
[EventCountry "ESP"]
[Source "lmi"]
[SourceDate "2009.01.12"]

1. d4 d6 2. e4 Nf6 3. Bd3 e5 4. c3 Nbd7 5. f4 c6 6. Nf3 Be7 7. O-O Qc7 8. a4 b6
9. Na3 Bb7 10. Nc4 exd4 11. e5 dxc3 12. exf6 cxb2 13. Bxb2 Nxf6 14. Re1 O-O 15.
Ne3 d5 16. Rc1 Qxf4 17. Be5 Qb4 18. Nf5 Rfe8 19. N3d4 Bc5 20. Rb1 Qa5 21. Kh1
Bxd4 22. Nxd4 Ne4 23. Bxe4 dxe4 24. Bf4 Rad8 25. Nb3 Rxd1 26. Nxa5 Rxe1+ 27.
Rxe1 bxa5 28. Kg1 f6 29. Kf2 c5 30. Rd1 Rc8 31. Rd7 Bc6 32. Rxa7 Bxa4 33. Rxa5
Bc2 34. Be3 c4 35. Rc5 Rxc5 36. Bxc5 Kf7 37. Ke3 Ke6 38. Bb4 Kd5 39. g3 Bd3 40.
Bf8 g6 41. Be7 f5 42. Bb4 Kc6 43. Kd4 Kb5 44. Bd2 Bb1 45. Kc3 Kc5 46. Bf4 Kd5
47. Be3 Bd3 48. Kd2 Ke5 49. Kc3 f4 50. Bxf4+ Kf5 51. h3 g5 0-1

[Event "Madrid ch 2009 - Semifinal A"]
[Site "Madrid ESP"]
[Date "2009.01.13"]
[Round "2.5"]
[White "Fraga Castro, Jose Carlos"]
[Black "Tejedor Ariza, Francisco"]
[Result "1-0"]
[WhiteElo "2187"]
[BlackElo "2089"]
[PlyCount "93"]
[EventDate "2009.01.12"]
[EventType "swiss"]
[EventRounds "9"]
[EventCountry "ESP"]
[Source "lmi"]
[SourceDate "2009.01.12"]

1. g3 d5 2. f4 g6 3. Bg2 Bg7 4. Nf3 Nf6 5. O-O O-O 6. d3 c5 7. c3 Nc6 8. Qc2 d4
9. Na3 Nd5 10. Bd2 Bg4 11. h3 Bxf3 12. Bxf3 e5 13. Qb3 Nde7 14. Nc4 Rb8 15. a4
Na5 16. Nxa5 Qxa5 17. Qb5 Qc7 18. cxd4 exf4 19. Qxc5 Qxc5 20. dxc5 fxg3 21. Bf4
Rbd8 22. Bxg3 Bxb2 23. Rab1 Bd4+ 24. Bf2 b6 25. cxb6 axb6 26. e3 Bg7 27. d4 Nc8
28. Rfc1 f5 29. Bb7 f4 30. e4 Bxd4 31. Bd5+ Rxd5 32. exd5 Bxf2+ 33. Kxf2 Rd8
34. Rd1 Rd6 35. Kf3 Kf7 36. Kxf4 Kf6 37. Ke4 Ne7 38. Rbc1 Kg5 39. Ke5 Nf5 40.
Rc6 Rd8 41. Rxb6 Ne3 42. Rd4 Ra8 43. Re4 Nd1 44. Rg4+ Kh5 45. Rbb4 g5 46. Rbd4
Nf2 47. d6 1-0

[Event "Madrid ch 2009 - Semifinal A"]
[Site "Madrid ESP"]
[Date "2009.01.13"]
[Round "2.6"]
[White "Garcia Gonzalez, Pedro A"]
[Black "Lopez Melgar, Enrique"]
[Result "1/2-1/2"]
[WhiteElo "1927"]
[BlackElo "2217"]
[PlyCount "74"]
[EventDate "2009.01.12"]
[EventType "swiss"]
[EventRounds "9"]
[EventCountry "ESP"]
[Source "lmi"]
[SourceDate "2009.01.12"]

1. d4 f5 2. g3 Nf6 3. Bg2 g6 4. b3 Bg7 5. Bb2 d6 6. Nf3 O-O 7. O-O c6 8. c4 e5
9. dxe5 Ng4 10. e3 Na6 11. h3 Nxe5 12. Qe2 Nc5 13. Rd1 Qe7 14. Nc3 a5 15. Rac1
Be6 16. Ba3 Qc7 17. Bxc5 dxc5 18. Na4 b6 19. Rd2 Rae8 20. Rcd1 Nf7 21. h4 h6
22. Ne1 Rd8 23. Rxd8 Rxd8 24. Rxd8+ Nxd8 25. Nd3 Bf7 26. Nf4 Bf8 27. Qd3 Ne6
28. Nxe6 Bxe6 29. Kf1 Be7 30. Ke2 Bd8 31. Bh3 Kf7 32. h5 Qd7 33. Qxd7+ Bxd7 34.
hxg6+ Kxg6 35. e4 Kf6 36. f4 Be6 37. e5+ Ke7 1/2-1/2

[Event "Madrid ch 2009 - Semifinal A"]
[Site "Madrid ESP"]
[Date "2009.01.13"]
[Round "2.7"]
[White "Lozano Cortijo, Mariano"]
[Black "Carbonell Martinez, Juan"]
[Result "1/2-1/2"]
[WhiteElo "2161"]
[BlackElo "2105"]
[PlyCount "74"]
[EventDate "2009.01.12"]
[EventType "swiss"]
[EventRounds "9"]
[EventCountry "ESP"]
[Source "lmi"]
[SourceDate "2009.01.12"]

1. e4 e5 2. Nf3 Nc6 3. d4 exd4 4. Bc4 Nf6 5. e5 d5 6. Bb5 Ne4 7. Nxd4 Bd7 8.
Bxc6 bxc6 9. O-O c5 10. Nb3 Bb5 11. Re1 c6 12. f3 Ng5 13. Nc3 Ne6 14. f4 c4 15.
Nd4 Bc5 16. Nce2 O-O 17. c3 a5 18. Be3 Qb6 19. f5 Nxd4 20. cxd4 Bb4 21. Rf1
Rfe8 22. Rf3 a4 23. a3 Bf8 24. Nf4 Rad8 25. Rh3 c5 26. Qh5 h6 27. e6 fxe6 28.
Nxe6 Rxe6 29. fxe6 Qxe6 30. Rd1 Be8 31. Qf3 Bc6 32. Bf2 Qg6 33. Rf1 Bd6 34.
dxc5 d4 35. Rg3 Bxg3 36. Qxg3 Qxg3 37. Bxg3 Re8 1/2-1/2

[Event "Madrid ch 2009 - Semifinal A"]
[Site "Madrid ESP"]
[Date "2009.01.13"]
[Round "2.8"]
[White "Montero Garcia, Francisco Javier"]
[Black "Lopez Andujar Ocana, Antonio"]
[Result "0-1"]
[WhiteElo "1906"]
[BlackElo "2137"]
[PlyCount "72"]
[EventDate "2009.01.12"]
[EventType "swiss"]
[EventRounds "9"]
[EventCountry "ESP"]
[Source "lmi"]
[SourceDate "2009.01.12"]

1. Nf3 Nf6 2. d4 e6 3. c4 c5 4. d5 b5 5. Nc3 b4 6. Nb1 Bb7 7. dxe6 fxe6 8. Bg5
Be7 9. e3 O-O 10. Nbd2 Ne4 11. Nxe4 Bxe4 12. Bxe7 Qxe7 13. Bd3 d5 14. Qc2 Bxf3
15. Bxh7+ Kh8 16. gxf3 Qh4 17. Bd3 Rxf3 18. Qe2 Rf6 19. Rg1 Nd7 20. Rg3 Qxh2
21. O-O-O Ne5 22. Rdg1 Rxf2 23. Qd1 Qh6 24. Rxg7 Qxe3+ 25. Kb1 Qxd3+ 26. Qxd3
Nxd3 27. R7g3 Rxb2+ 28. Ka1 Rh2 29. Rxd3 dxc4 30. Rdg3 Re8 31. Rg7 c3 32. Rxa7
Rg8 33. Rf1 Re8 34. Rc7 Ra8 35. Kb1 Rhxa2 36. Rh1+ Kg8 0-1

[Event "Madrid ch 2009 - Semifinal A"]
[Site "Madrid ESP"]
[Date "2009.01.13"]
[Round "2.9"]
[White "Quintero Torres, Pedro"]
[Black "Vukotic Jovsic, Dragan"]
[Result "1/2-1/2"]
[WhiteElo "2046"]
[BlackElo "1995"]
[PlyCount "51"]
[EventDate "2009.01.12"]
[EventType "swiss"]
[EventRounds "9"]
[EventCountry "ESP"]
[Source "lmi"]
[SourceDate "2009.01.12"]

1. d4 d5 2. Nf3 Nf6 3. c4 e6 4. Nc3 Be7 5. Bg5 Nbd7 6. e3 O-O 7. Rc1 c6 8. Bd3
dxc4 9. Bxc4 Nd5 10. Bxe7 Qxe7 11. O-O Nxc3 12. Rxc3 e5 13. dxe5 Nxe5 14. Nxe5
Qxe5 15. Qd4 Qxd4 16. exd4 Rd8 17. Re1 Be6 18. Bxe6 fxe6 19. Rxe6 Rxd4 20. g3
Rd1+ 21. Kg2 Rd2 22. Rb3 Rf8 23. Rxb7 Rfxf2+ 24. Kg1 Rg2+ 25. Kf1 h5 26. Ree7
1/2-1/2